Песни / (Record no. 266598)
[ view plain ]
| 000 -LEADER | |
|---|---|
| fixed length control field | 00665nam a2200205 a 4500 |
| 001 - CONTROL NUMBER | |
| control field | 000721378 |
| 003 - CONTROL NUMBER IDENTIFIER | |
| control field | AM-YEHGA |
| 005 - DATE AND TIME OF LATEST TRANSACTION | |
| control field | 20251223114415.0 |
| 008 - FIXED-LENGTH DATA ELEMENTS--GENERAL INFORMATION | |
| fixed length control field | 100316s1907 ru c||||||||||||||0|rus|d |
| 040 ## - CATALOGING SOURCE | |
| Original cataloging agency | AM-YEHGA |
| Transcribing agency | AM-YEHGA |
| 041 0# - LANGUAGE CODE | |
| Language code of text/sound track or separate title | rus |
| 100 1# - MAIN ENTRY--PERSONAL NAME | |
| Personal name | Իսահակյան, Ավետիք Սահակի, |
| Dates associated with a name | 1875-1957 |
| 9 (RLIN) | 963 |
| 245 10 - TITLE STATEMENT | |
| Title | Песни / |
| Statement of responsibility, etc. | [Аветик Исаакян]. |
| 260 ## - PUBLICATION, DISTRIBUTION, ETC. | |
| Place of publication, distribution, etc. | Москва : |
| Name of publisher, distributor, etc. | тип. "Соколь", |
| Date of publication, distribution, etc. | 1907. |
| 300 ## - PHYSICAL DESCRIPTION | |
| Extent | X, [2], 24 с. |
| 440 #0 - SERIES STATEMENT/ADDED ENTRY--TITLE | |
| Title | Цветы Араза ; |
| Volume/sequential designation | Вып. 1 |
| 500 ## - GENERAL NOTE | |
| General note | Издание Бориса Кеворкова |
| 650 14 - SUBJECT ADDED ENTRY--TOPICAL TERM | |
| Topical term or geographic name entry element | Армянская литература |
| 942 ## - ADDED ENTRY ELEMENTS (KOHA) | |
| Source of classification or shelving scheme | Universal Decimal Classification |
| Koha item type | Գրքեր / Books |
| Withdrawn status | Lost status | Source of classification or shelving scheme | Damaged status | Not for loan | Collection | Home library | Current library | Date acquired | Total checkouts | Full call number | Barcode | Date last seen | Price effective from | Koha item type | Public note |
|---|---|---|---|---|---|---|---|---|---|---|---|---|---|---|---|
| Universal Decimal Classification | Levonyan Individual Collection | Fundamental Scientific Library | Fundamental Scientific Library | 29/12/2016 | Лев/543 | FL0382600 | 29/12/2016 | 29/12/2016 | Գրքեր / Books | ILL Non-Circ. | |||||
| Kusikian Individual Collection | Fundamental Scientific Library | Fundamental Scientific Library | 10/09/2025 | Кус/4031 | FL0695319 | 10/09/2025 | 08/10/2025 | Գրքեր / Books | ILL Non-Circ. |
ՀՀ Գիտությունների ազգային ակադեմիայի հիմնարար գիտական գրադարան = Fundamental Scientific Library of NAS RA
All site content, except where otherwise noted, is licensed under a